The concise Oxford dictionary of english literature
Gardado en:
| Autor Principal: | |
|---|---|
| Formato: | Libro |
| Idioma: | inglés |
| Publicado: |
Oxford
Oxford University Press
1970
|
| Edición: | 2a. ed |
| Subjects: | |
| Tags: |
Engadir etiqueta
Sen Etiquetas, Sexa o primeiro en etiquetar este rexistro!
|
MARC
| LEADER | 00000nam a2200000 a 4500 | ||
|---|---|---|---|
| 001 | UCQ7956 | ||
| 003 | CL-VaPUC | ||
| 008 | 981121e19700000UK |||||||||||||||||eng|d | ||
| 082 | 0 | 4 | |a 820.3 |b EAG |2 21 |
| 100 | 0 | |a Eagle, Dorothy |e author |9 421777 | |
| 245 | 1 | 4 | |a The concise Oxford dictionary of english literature |
| 250 | |a 2a. ed | ||
| 300 | |a 628 p | ||
| 942 | |c BK | ||
| 945 | |d 19981121 00:00:00 |a crobeson | ||
| 260 | |a Oxford |b Oxford University Press |c 1970 | ||
| 650 | 0 | |a Literatura inglesa |9 312907 | |
| 650 | 7 | |a DICCIONARIOS INGLES |2 CL-VaPUC |9 261669 | |
| 583 | |a last modification |c 19981121 00:00:00 |k Rodrigo Vera | ||
| 999 | |c 277330 |d 277328 | ||
| 952 | |0 0 |1 0 |4 0 |6 820_300000000000000_EAG_1970 |7 0 |8 A |9 315217 |a FDOPOS |b FDOPOS |d 2019-11-20 |i 1495259 |o 820.3 EAG 1970 |p 1495259 |r 2025-01-22 |w 2019-11-20 |y BK |k MLH | ||